| 000 | 00993nam a22002057a 4500 | ||
|---|---|---|---|
| 999 |
_c18417 _d18417 |
||
| 003 | BDDh-ASL | ||
| 005 | 20231015025715.0 | ||
| 008 | 200929b1984 ||||| b||| 001 0 d | ||
| 040 |
_aBDDh-ASL _cBDDh-ASL _dBDDh-ASL |
||
| 041 | _aBengali | ||
| 082 |
_a327.5492 _bCHB |
||
| 100 | 1 |
_aচক্রবত্র্তী রতন লাল _91251 |
|
| 245 | 1 |
_aবাংলাদেশ-বার্মা সম্পর্ক / _cরতন লাল চক্রবর্তী। |
|
| 246 | _aBangladesh-Burma Samparka. | ||
| 260 |
_aঢাকা: _bঢাকা বিশ্ববিদ্যালয়, _c১৯৮৪। |
||
| 300 |
_a২৪২ পৃষ্ঠা: _bম্যাপ; _c২২ সে. মি.। |
||
| 504 | _aগ্রন্থপঞ্জি ও নির্ঘন্ট সংযুক্ত। | ||
| 651 | 0 |
_91246 _aবাংলাদেশ বার্মা সম্পর্ক _xআন্তর্জাতিক সম্পর্ক |
|
| 942 |
_2ddc _cBK |
||